000 00501nam a2200193Ia 4500
003 LK-CoDNM
008 010623t2005 xxu||||| |||| 00| 1 sin d
040 _aLK-CoDNM
_dLK-CoDNM
_eLK-CoDNM
041 _asin
080 _a929 NAY
100 _aNayar, Susila
245 _aකස්තුර්බා
246 _aKasturba
260 _bPlatform for Alternate Culture
_aNugegoda
_c2005
300 _b(viii)111, 18 cm
650 _aBiography
700 _aRahubadda, Sumithra
_etr.
942 _cBK
999 _c124612
_d124612